Statystyki dla Stolice wybranych państw

Kliknij tutaj aby rozwiązać quiz!

Ogólne statystyki

  • Ten quiz został rozwiązany 2 202 razy
  • Średni wynik to 60 z 100

Statystyki odpowiedzi

StolicaPaństwo% Poprawnych
MoskwaRosja
100%
BrasiliaBrazylia
98%
PekinChiny
98%
WaszyngtonStany Zjednoczone
98%
MeksykMeksyk
96%
Buenos AiresArgentyna
94%
OttawaKanada
93%
ParyżFrancja
92%
WarszawaPolska
92%
MadrytHiszpania
90%
TokioJaponia
90%
BerlinNiemcy
90%
KijówUkraina
90%
Nowe DelhiIndie
89%
RzymWłochy
89%
OsloNorwegia
88%
AlgierAlgieria
87%
SztokholmSzwecja
87%
CanberraAustralia
86%
AtenyGrecja
86%
LondynWielka Brytania
86%
HelsinkiFinlandia
85%
AnkaraTurcja
85%
MińskBiałoruś
84%
KairEgipt
84%
AstanaKazachstan
80%
TeheranIran
79%
PjongjangKorea Północna
79%
BukaresztRumunia
77%
BagdadIrak
75%
Ułan BatorMongolia
75%
LimaPeru
74%
BogotaKolumbia
73%
SantiagoChile
71%
TunisTunezja
71%
PretoriaRepublika Południowej Afryki
70%
HanoiWietnam
70%
CaracasWenezuela
68%
RijadArabia Saudyjska
67%
BangkokTajlandia
67%
DżakartaIndonezja
66%
RabatMaroko
66%
WellingtonNowa Zelandia
66%
MontevideoUrugwaj
64%
DamaszekSyria
62%
IslamabadPakistan
61%
TrypolisLibia
59%
KabulAfganistan
58%
Addis AbebaEtiopia
58%
NairobiKenia
57%
AntananarywaMadagaskar
57%
DakarSenegal
57%
NiameyNiger
56%
AsunciónParagwaj
55%
ChartumSudan
54%
SucreBoliwia
53%
QuitoEkwador
53%
AbudżaNigeria
51%
DuszanbeTadżykistan
51%
TaszkentUzbekistan
51%
ManilaFilipiny
50%
BrazzavilleKongo
49%
Kuala LumpurMalezja
49%
MaskatOman
49%
AszchabadTurkmenistan
48%
SanaJemen
47%
KatmanduNepal
47%
DhakaBangladesz
46%
WientianLaos
45%
MogadiszuSomalia
45%
Phnom PenhKambodża
44%
BiszkekKirgistan
44%
NdżamenaCzad
43%
KinszasaDemokratyczna Republika Konga
42%
LuandaAngola
39%
BamakoMali
39%
NaypyidawBirma
36%
AkraGhana
35%
KonakryGwinea
35%
MaputoMozambik
35%
LusakaZambia
35%
LibrevilleGabon
34%
GeorgetownGujana
34%
JaundeKamerun
34%
DżubaSudan Południowy
34%
DodomaTanzania
34%
HarareZimbabwe
34%
NawakszutMauretania
33%
ParamariboSurinam
33%
KampalaUganda
33%
JamusukroWybrzeże Kości Słoniowej
32%
WindhukNamibia
31%
Port MoresbyPapua-Nowa Gwinea
30%
AsmaraErytrea
28%
GaboroneBotswana
26%
ManaguaNikaragua
26%
WagaduguBurkina Faso
25%
BangiRepublika Środkowoafrykańska
25%
Porto NovoBenin
22%
LilongweMalawi
21%

Rozkład punktacji

Percentyl według liczby udzielonych odpowiedzi

Procent ludzi z każdym wynikiem

Twoja historia wyników

Nie rozwiązałeś tego quizu